00361nam a2200133Ia 4500008004100000041000800041082001600049100002100065245004300086250000600129260005100135300000800186650003300194210716s1987 xx 000 0 und d aeng a004.22 STOH aStone, Harold S. aIntroduction to computer architecture. a2 aNew DelhibGalgotia Publications Pvt Ltdc1987 a673 aComputer Arch., Org.(004.22)